Statistiques concernant 5 Plus Grandes Villes par Région de France sur une carte

Cliquez ici pour prendre le quiz!

Statistiques générales

  • Ce quiz a été pris 354 fois
  • Le résultat moyen est 55 sur 90

Réponses sur la Carte

Les réponses sont colorées sur une échelle allant du rouge au vert en fonction du pourcentage des utilisateurs qui les ont devinées à leur premier essai. Vous pouvez retrouver ces pourcentages ci-dessous.
 

Statistiques - réponses

RégionPositionPop.Commune% Correct
Île-de-France1er2 145 906Paris
99%
Hauts-de-France1er236 234Lille
98%
Auvergne-Rhône-Alpes1er522 228Lyon
98%
Nouvelle Aquitaine1er259 809Bordeaux
97%
Bretagne2ème139 456Brest
97%
Provence-Alpes-Côte d'Azur1er870 321Marseille
97%
Bretagne1er222 485Rennes
97%
Grand Est1er290 576Strasbourg
97%
Occitanie1er498 003Toulouse
97%
Occitanie2ème299 096Montpellier
96%
Pays de la Loire1er320 732Nantes
96%
Provence-Alpes-Côte d'Azur2ème343 477Nice
96%
Normandie1er165 830Le Havre
92%
Corse1er72 647Ajaccio
90%
Bourgogne-Franche-Comté1er159 106Dijon
90%
Auvergne-Rhône-Alpes2ème174 082Saint-Étienne
90%
Auvergne-Rhône-Alpes5ème147 284Clermont-Ferrand
89%
Grand Est3ème120 211Metz
88%
Île-de-France3ème113 116Saint-Denis
88%
La Réunion1er153 001Saint-Denis
88%
Pays de la Loire2ème155 876Angers
87%
Corse2ème48 296Bastia
87%
Normandie3ème107 250Caen
87%
Auvergne-Rhône-Alpes3ème158 240Grenoble
87%
Occitanie4ème118 032Perpignan
87%
Hauts-de-France5ème86 545Dunkerque
86%
Pays de la Loire5ème55 213La Roche-sur-Yon
86%
Grand Est2ème180 318Reims
85%
Provence-Alpes-Côte d'Azur3ème179 659Toulon
85%
Centre-Val de Loire2ème117 026Orléans
84%
Grand Est5ème104 403Nancy
83%
Normandie2ème114 187Rouen
83%
Nouvelle Aquitaine4ème77 210La Rochelle
82%
Occitanie3ème147 496Nîmes
81%
Nouvelle Aquitaine5ème75 665Pau
80%
Bretagne3ème63 473Quimper
80%
Provence-Alpes-Côte d'Azur4ème147 122Aix-en-Provence
79%
Hauts-de-France2ème134 167Amiens
79%
Nouvelle Aquitaine2ème130 592Limoges
79%
Bretagne4ème57 412Lorient
79%
Centre-Val de Loire1er137 850Tours
79%
Auvergne-Rhône-Alpes4ème154 781Villeurbanne
76%
Pays de la Loire3ème145 155Le Mans
74%
Nouvelle Aquitaine3ème90 033Poitiers
73%
Grand Est4ème108 038Mulhouse
70%
Provence-Alpes-Côte d'Azur5ème90 597Avignon
69%
Hauts-de-France4ème98 066Roubaix
69%
Normandie4ème77 789Cherbourg-en-Cotentin
67%
Bretagne5ème54 017Vannes
67%
Bourgogne-Franche-Comté2ème118 258Besançon
63%
Martinique1er75 286Fort-de-France
63%
Pays de la Loire4ème71 887Saint-Nazaire
63%
Occitanie5ème78 683Béziers
60%
Guyane1er65 956Cayenne
56%
Bourgogne-Franche-Comté3ème45 458Belfort
55%
Île-de-France2ème120 911Boulogne-Billancourt
55%
Centre-Val de Loire3ème64 362Bourges
55%
Hauts-de-France3ème99 165Tourcoing
55%
Centre-Val de Loire5ème43 331Châteauroux
52%
Normandie5ème46 869Évreux
52%
Corse3ème11 040Porto-Vecchio
51%
Centre-Val de Loire4ème46 660Blois
49%
Mayotte1er71 437Mamoudzou
47%
Île-de-France4ème111 367Montreuil
44%
Île-de-France5ème108 567Argenteuil
43%
Bourgogne-Franche-Comté5ème34 414Mâcon
43%
La Réunion3ème83 930Saint-Pierre
42%
Bourgogne-Franche-Comté4ème45 094Chalon-sur-Saône
41%
La Réunion2ème104 301Saint-Paul
39%
La Réunion4ème80 778Le Tampon
32%
Guyane5ème24 805Kourou
31%
Guadeloupe1er52 948Les Abymes
26%
Guyane2ème49 173Saint-Laurent-du-Maroni
26%
Corse4ème9 254Borgo
16%
La Réunion5ème56 857Saint-André
14%
Martinique2ème39 628Le Lamentin
13%
Guadeloupe4ème24 430Sainte-Anne
12%
Corse5ème7 732Biguglia
9%
Mayotte3ème17 831Dzaoudzi
9%
Martinique4ème19 467Schœlcher
9%
Guadeloupe3ème26 919Le Gosier
8%
Guadeloupe2ème30 316Baie-Mahault
7%
Mayotte2ème32 156Koungou
7%
Martinique3ème21 627Le Robert
7%
Guyane4ème25 793Remire-Montjoly
6%
Guyane3ème34 474Matoury
5%
Guadeloupe5ème24 412Petit-Bourg
4%
Mayotte5ème13 989Bandraboua
3%
Mayotte4ème15 848Dembeni
3%
Martinique5ème17 504Ducos
3%

Distribution des résultats

Percentile par nombre de réponses

% des personnes avec chaque résultat

Votre développement - résultats

Vous n’avez pas pris ce quiz